Oxford advanced learner's dictionary
.v.v...
Đã lưu trong:
| Tác giả chính: | |
|---|---|
| Định dạng: | Sách |
| Năm xuất bản: |
Oxford
Oxford University
2010
|
| Chủ đề: | |
| Tags: |
Thêm thẻ
Không có thẻ, Hãy là người đầu tiên gắn thẻ bản ghi này!
|
| LEADER | 00632nam a2200193 4500 | ||
|---|---|---|---|
| 999 | |c 13780 |d 13780 | ||
| 082 | |a 428.0071 |b W100L | ||
| 100 | |a Walker, Robin | ||
| 245 | |a Oxford advanced learner's dictionary |c Robin Walker, Keith Harding | ||
| 260 | |a Oxford |b Oxford University |c 2010 | ||
| 520 | |a .v.v... | ||
| 653 | |a Tiếng Anh | ||
| 653 | |a Thương mại | ||
| 653 | |a Kinh doanh | ||
| 653 | |a Luyện nghe | ||
| 653 | |a Nói | ||
| 653 | |a Đọc | ||
| 942 | |2 ddc |c TNN | ||
| 952 | |0 0 |1 0 |2 ddc |4 0 |6 428_007100000000000_W100L |7 0 |8 400 |9 110420 |a qbu |b qbu |c D4 |d 2017-05-17 |g 50000 |l 2 |m 2 |o 428.0071 W100L |p CD67.c1 |r 2019-03-08 |s 2019-02-22 |w 2017-05-17 |y TNN | ||